000 03094 a2200205 4500
003 OSt
005 20251128161818.0
008 251128b |||||||| |||| 00| 0 eng d
020 _a9798892337182
100 _aSingh S.
_9215541
245 _aYou Become What You Think
260 _bNotion Press
_c2023
300 _a184pp
520 _aInsights to Level Up Your Happiness, Personal Growth, Relationships, and Mental Health This book isn't just about reading—it's about tangible change. With actionable insights, it'll reshape your thinking and empower you to unlock the best version of yourself. Are you searching for a way to improve your life, increase your happiness, and achieve your full potential? I've been there too. And I found my answer in books. They transformed my life, and they can transform yours too. "You Become What You Think" is a practical guide to personal growth. Within its pages lie actionable insights that will transform your perspective on life and the world around you. Author Shubham Kumar Singh has carefully crafted this book from his own journey through countless volumes, distilling the most impactful lessons from diverse topics. Each insight is presented in a clear, accessible format, designed for effortless application to your own life. The primary aim? To enhance your self-awareness and nurture personal growth. It will gift you with a fresh outlook on life and a deeper understanding of your true self. 🌟 Key Benefits Await You: Elevated Happiness: Discover the keys to unlocking a state of profound happiness that stems from within. Personal Growth Mastery: Empower yourself with tools and strategies to achieve your full potential. Enhanced Relationships: Forge deeper connections and build fulfilling relationships in every sphere of life. Optimized Mental Health: Cultivate a resilient and balanced mind to navigate life's challenges with grace. 🎯 Addressing Your Needs: Are you seeking a path to a more fulfilling life? Are you yearning for a guide to elevate your mental well-being and relationships? This book is your guide. It addresses the very core of your aspirations, providing invaluable insights that resonate with your deepest desires for growth and happiness. 📚 Why Choose "You Become What You Think"? Actionable Wisdom: Practical insights you can apply immediately to start transforming your life. Authentic Voice: Written by Shubham Kumar Singh, a reader and blogger passionate about helping you achieve your best self. Life-Altering Guidance: A roadmap to unlock your true potential and live a fulfilling, joyful life.
650 0 1 _aThe Mind-Body Connection Thoughts Shape Reality How Beliefs Influence Actions
_9215564
650 0 2 _aThe Subconscious Mind Programming Your Inner World Rewiring Limiting Beliefs
_9215565
650 0 3 _aSelf-Talk and Inner Dialogue The Voice in Your Head Shifting from Criticism to Confidence
_9215566
650 0 4 _aVisualization and Mental Rehearsal Seeing is Believing Success Stories of Visualization
_9215567
942 _cBK
_2ddc
999 _c369172
_d369172